Foundations of geometry
Saved in:
| Main Author: | |
|---|---|
| Format: | Book |
| Language: | English |
| Published: |
Nueva York
McGraw-Hill
1964
|
| Subjects: | |
| Tags: |
Add Tag
No Tags, Be the first to tag this record!
|
MARC
| LEADER | 00000nam a2200000 a 4500 | ||
|---|---|---|---|
| 001 | UCQ9259 | ||
| 003 | CL-VaPUC | ||
| 008 | 981230e19640000US |||||||||||||||||eng|d | ||
| 082 | 0 | 4 | |a 516.1 |b WYL |2 21 |
| 100 | 0 | |a Wylie, C. R |e author |9 423754 | |
| 245 | 1 | 0 | |a Foundations of geometry |
| 300 | |a 338 p | ||
| 942 | |c BK | ||
| 945 | |d 19981230 00:00:00 |a crobeson | ||
| 260 | |a Nueva York |b McGraw-Hill |c 1964 | ||
| 650 | 0 | |a Geometría |9 264063 | |
| 650 | 7 | |a GEOMETRIA EUCLIDEA |2 CL-VaPUC |9 359752 | |
| 650 | 0 | |a Geometría proyectiva |9 262638 | |
| 650 | 0 | |a Geometría plana |9 265855 | |
| 583 | |a last modification |c 19981230 00:00:00 |k Rodrigo Vera | ||
| 999 | |c 278337 |d 278335 | ||
| 952 | |0 0 |1 0 |4 0 |6 516_100000000000000_WYL_1964 |7 0 |8 A |9 316827 |a BIBMAT |b BIBMAT |d 2019-11-20 |i 1314017 |l 1 |o 516.1 WYL 1964 |p 1314017 |r 2025-01-07 |s 2020-03-03 |w 2019-11-20 |y BK |k MAT | ||